000 00832nam a2200253Ia 4500
003 OSt
005 20220926004530.0
006 a|||||r|||| 00| 0
007 ta
008 220923b |||||||| |||| 00| 0 eng d
020 _a8186030093
037 _cGeneral Book
040 _aRTL
_cRTL
_beng
041 _2eng
_aeng
082 _aY5927:4:67.273N.N9, N5
100 _aGobind Kashyap Bal
_9308820
245 0 _aReformative law and social justice in Indian society
_b A sociological study with special reference to weaker classes of Bhagalpur district
260 _a New Delhi
_bRegency Pub.
_c1995
300 _axv, 233p
_ccm.
500 _aBibliography: P 225-33
650 _aUntouchables
942 _hY5927:4:67.273N.N9, N5
_cGB
_2CC
999 _c611511
_d611511